000 00449nam a2200169Ia 4500
003 GCL
008 140319s9999 xx 000 0 ara d
040 _aGCL /
_cGCL
082 0 4 _a210
_bع ب
245 1 0 _aبصوث فى السنة المشرفة ( بحث اصولى )
260 _a[S.N] :
_bدار الجيل ،
_c1991
300 _a61 ص
490 _a
650 0 4 _aالاحكام الشرعية
650 0 4 _aالقران
942 _2ddc
_cBK
999 _c35738
_d35738